| 000 | 00923cam a2200241 4500 | ||
|---|---|---|---|
| 008 | 070423s20032003sp 000 0 spa u | ||
| 020 | _a8487682472 | ||
| 035 | _aa460103 | ||
| 245 | 1 | 3 |
_aLa Universidad en transformación : _bPerspectivas globales sobre los futuros de la universidad / _cSohail Inayatullah ; comp., Jennifer Gildley ; José M. Pomares, tr. |
| 250 | _a1a ed. | ||
| 260 |
_aBarcelona : _bPomares, _c2003 |
||
| 300 |
_a368 p. ; _c23 cm |
||
| 500 | _aTraducción de: The University in transformation. Global perspectives on the futures of the University. | ||
| 504 | _aIncluye bibliografías e índices | ||
| 506 | _aPIFI 3.1 | ||
| 650 | 7 |
_aEducación superior _xMetas y objetivos _2Lemb |
|
| 650 | 7 |
_aCambio educativo _2Lemb |
|
| 700 | 1 | _aInayatulah, Sohail. comp. | |
| 700 | 1 | _aGiley, Jennifer. comp. | |
| 700 | 1 | _aPomares, José M. tr. | |
| 942 |
_2lcc _cLIB |
||
| 999 |
_c117999 _d117999 |
||